00363nam a2200121Ia 4500008004100000041000800041082002000049100005800069245003900127260004900166300002000215440000600235230128s9999 xx 000 0 und d aeng aMAY PR0697bMAY aMayuri Gaikwad - 2k181133 & Prof Genesh Lotke - Guide aA Study Of Bosch Production System c2019bSavitribai Phule Pune UniversityaPune a48pbHard Bound v1